000 00477nam a2200181Ia 4500
008 230711s9999||||xx |||||||||||||| ||und||
020 _a978-0-19-945415-7
041 _aENG
082 _a621.8
_bUI-T
100 _aUicker, John J
245 0 _aTheory of machines and mechanisms
250 _a1st . Ed.
260 _c2011
_aNew Delhi
_bOxford & IBH Publishing Co.Pvt.Ltd.
300 _a772p.
650 _aMechanical Engineering
700 _aPennock,Gorden R
942 _cBK
999 _c5895
_d5895